| 000 | 01009cam a22003257a 4500 | ||
|---|---|---|---|
| 003 | CHAP | ||
| 005 | 20220329142609.0 | ||
| 008 | 020319d1996 es a r 00110 spa d | ||
| 010 | _a85482 | ||
| 011 | _a86454 | ||
| 020 | _a9701501918 | ||
| 035 | _a96992 | ||
| 040 | _cCHAP | ||
| 082 | 0 | 4 |
_a621.43 _bC7 |
| 100 | 0 | 0 |
_aCrouse, William H. _929215 |
| 245 | 1 | 0 |
_aMecánica de los pequeños motores _c/por William H. Crouse y Donald L. Anglin |
| 260 |
_aMéxico, D.F. ; _bAlfaomega, _c1996. |
||
| 300 |
_a431 p. : _bilus. |
||
| 590 |
_aBATCH-UPD _b10 _c20130110 _lUCH01 _h0754 |
||
| 590 |
_aBATCH-UPD _b10 _c20130410 _lUCH01 _h0434 |
||
| 590 |
_aBATCH-UPD _b10 _c20130914 _lUCH01 _h0334 |
||
| 590 |
_aCONVERSION _b10 _c20130109 _lUCH01 _h1347 |
||
| 650 | 1 | 4 |
_aIngeniería mecánica. _958260 |
| 650 | 1 | 4 |
_aMotores. _979095 |
| 700 | 0 | 0 |
_aAnglin, Donald L. _95807 |
| 901 | _aBK | ||
| 905 | _aMayto Villalobos S. | ||
| 942 | _cLIBRO | ||
| 949 |
_a621.43 C7 _bBC _cLIBRO _d33724000865861 _eLIBRO _h162262 _i96992 _si _t$168.00 |
||
| 999 |
_c85482 _d85482 |
||